| 000 | 00569nam a2200217Ia 4500 | ||
|---|---|---|---|
| 008 | 180523s9999 xx 000 0 und d | ||
| 020 | _a0-07-286519-19 | ||
| 050 | _aMAIN HD 31 | ||
| 050 | _b.J66 2004 | ||
| 100 | _aJones, Gareth R. | ||
| 245 | 0 | _aEssentials of contemporary management / | |
| 245 | 0 | _cGereth R. Jones, Jennifer M. George. | |
| 260 | _aBoston, Mass. : | ||
| 260 | _bMcGraw-Hill, | ||
| 260 | _c2004 | ||
| 300 | _a515 pages : | ||
| 300 | _bcolored illustrations ; | ||
| 300 | _c25 cm. | ||
| 500 | _aIncludes index. | ||
| 650 | _aManagement. | ||
| 999 |
_c356855 _d356855 |
||